Library Banner

Computational topology : (Record no. 104220)

MARC details
000 -LEADER
fixed length control field 00463nam a22001577a 4500
005 - DATE AND TIME OF LATEST TRANSACTION
control field 20180409084140.0
008 - FIXED-LENGTH DATA ELEMENTS--GENERAL INFORMATION
fixed length control field 180409b xxu||||| |||| 00| 0 eng d
020 ## - INTERNATIONAL STANDARD BOOK NUMBER
International Standard Book Number 9781470409289
040 ## - CATALOGING SOURCE
Transcribing agency PK-LaUMT
082 ## - DEWEY DECIMAL CLASSIFICATION NUMBER
Classification number 514
Item number EDE-C
100 ## - MAIN ENTRY--PERSONAL NAME
Personal name Edelsbrunner, Herbert
245 ## - TITLE STATEMENT
Title Computational topology :
Remainder of title an introduction /
Statement of responsibility, etc Herbet Edelsbrunner and Jon L. Harer
260 ## - PUBLICATION, DISTRIBUTION, ETC. (IMPRINT)
Place of publication, distribution, etc Haryana :
Name of publisher, distributor, etc American Mathematical Society,
Date of publication, distribution, etc 2010
300 ## - PHYSICAL DESCRIPTION
Extent 241 p.
942 ## - ADDED ENTRY ELEMENTS (KOHA)
Koha item type Books
Holdings
Withdrawn status Lost status Damaged status Home library Current library Date acquired Full call number Barcode Date last seen Price effective from Koha item type
      UMT Main Campus UMT Main Campus 2018-04-09 514 EDE-C 99644 2018-04-09 2018-04-09 Books